Matematika pre 4. ročník základnej školy : pracovný zošit 2. časť

Bibliographic Details
Main Author: Černek, Pavol, 1952- (Author)
Other Authors: Dzurňák, Dávid (Illustrator)
Format: Book
Language:Slovak
PhysicalDescription:88 strán ilustrácie 30 cm
Published: Bratislava Slovenské pedagogické nakladateľstvo 2019
ISBN:9788010034833
Edition:Deviate vydanie
Subjects:

MARC

LEADER 00000cam a2200000 4500
001 vtls011876290
003 SK-MaSNL
005 20260301225045.0
008 200507s2019 xo a b p 000 0 slo
015 |a SNBA2019/12 
020 |a 9788010034833  |q (brožované) 
035 |a urn:nbn:sk:snk-am00dx2k 
035 |a urn:nbn:sk:snk-am3i86b 
035 |a 03082C5D-7809-46ED-9E2E-22377DAEFC19 
040 |a SNK  |b slo  |c SNK  |e rda 
041 0 |a slo 
044 |a xo  |c SK 
072 7 |a 51  |x Matematika  |2 konspekt 
080 |a (075.2)  |2 2011 
080 |a (076.1)  |2 2011 
080 |a 51  |2 2011 
100 1 |a Černek, Pavol,  |d 1952-  |4 aut  |9 7554 
245 1 0 |a Matematika  |b pre 4. ročník základnej školy : pracovný zošit  |n 2. časť  |c Pavol Černek 
250 |a Deviate vydanie 
264 1 |a Bratislava  |b Slovenské pedagogické nakladateľstvo  |c 2019 
300 |a 88 strán  |b ilustrácie  |c 30 cm 
336 |a text  |b txt  |2 rdacontent 
336 |a statický obraz  |b sti  |2 rdacontent 
337 |a bez média  |b n  |2 rdamedia 
338 |a zväzok  |b nc  |2 rdacarrier 
650 0 7 |a matematika  |2 SNKPH  |9 70174 
650 0 7 |a Mathematics  |2 SNKPHeng  |9 265620 
655 7 |a pracovné zošity  |2 SNKPH  |9 70188 
655 7 |a Textbooks (elementary)  |2 SNKPHeng  |9 276977 
655 7 |a Activity books  |2 SNKPHeng  |9 302885 
655 7 |a učebnice základných škôl  |2 SNKPH  |9 70187 
700 1 |a Dzurňák, Dávid  |4 ill  |9 125409 
710 2 |a Slovenské pedagogické nakladateľstvo - Mladé letá  |4 pbl  |9 211357 
919 |a 978-80-10-03483-3 
999 |c 949517  |d 951447 
952 |a SNK  |b SNK  |y PREZ  |7 0  |p 17A1393285  |o snkSB 94861/2  |i snk2019/30036  |8 0  |0 0  |1 0  |4 0  |d 2019-11-20  |f 1  |l 0  |r 2025-05-15 00:00:00  |w 2026-02-24 
952 |a SNK  |b SNK  |y VYP  |7 0  |p 17A1393286  |o snkSB 94861/2 D1  |i snk2019/30037  |8 0  |0 0  |1 0  |4 0  |d 2019-11-20  |l 0  |r 2026-02-24 09:44:36  |w 2026-02-24